Detalles MARC
| 000 -CABECERA |
| campo de control de longitud fija |
02096nam a2200241 i 4500 |
| 003 - IDENTIFICADOR DEL NÚMERO DE CONTROL |
| campo de control |
DO-SdBNP |
| 005 - FECHA Y HORA DE LA ÚLTIMA TRANSACCIÓN |
| campo de control |
20230918144350.0 |
| 006 - CÓDIGOS DE INFORMACIÓN DE LONGITUD FIJA--CARACTERÍSTICAS DEL MATERIAL ADICIONAL |
| campo de control de longitud fija |
a||||gr|||| 00| 0 |
| 007 - CAMPO FIJO DE DESCRIPCIÓN FÍSICA--INFORMACIÓN GENERAL |
| campo de control de longitud fija |
ta |
| 008 - DATOS DE LONGITUD FIJA--INFORMACIÓN GENERAL |
| campo de control de longitud fija |
230913t180 dr ||||| |||| 00| h spa d |
| 040 ## - FUENTE DE LA CATALOGACIÓN |
| Centro catalogador/agencia de origen |
DO-SdBNP |
| Lengua de catalogación |
spa |
| Centro/agencia transcriptor |
BNPHU |
| Normas de descripción |
rda |
| 082 #4 - NÚMERO DE LA CLASIFICACIÓN DECIMAL DEWEY |
| Número de edición |
22 |
| Número de documento/Ítem |
E74p |
| 100 1# - ENTRADA PRINCIPAL--NOMBRE DE PERSONA |
| Nombre de persona |
Escobal, Luis S. |
| 9 (RLIN) |
38438 |
| Término indicativo de función/relación |
autor |
| 245 10 - MENCIÓN DE TÍTULO |
| Título |
Pedazos: |
| Resto del título |
imágenes borrosas del recuerdo. / |
| Mención de responsabilidad, etc. |
Luis S. Escobal |
| 264 #4 - PRODUCCIÓN, PUBLICACIÓN, DISTRIBUCIÓN, FABRICACIÓN Y COPYRIGHT |
| Producción, publicación, distribución, fabricación y copyright |
Santo Domingo : |
| Nombre del de productor, editor, distribuidor, fabricante |
Alfa y Omega. |
| Fecha de producción, publicación, distribución, fabricación o copyright |
1980 |
| 300 ## - DESCRIPCIÓN FÍSICA |
| Extensión |
100, [6] páginas ; |
| Dimensiones |
20 cm. |
| 336 ## - TIPO DE CONTENIDO |
| Fuente |
rdacontent |
| Término de tipo de contenido |
texto |
| Código de tipo de contenido |
txt |
| 337 ## - TIPO DE MEDIO |
| Fuente |
rdamedia |
| Nombre/término del tipo de medio |
sin mediación |
| Código del tipo de medio |
n |
| 338 ## - TIPO DE SOPORTE |
| Fuente |
rdacarrier |
| Nombre/término del tipo de soporte |
volumen |
| Código del tipo de soporte |
nc |
| 505 0# - NOTA DE CONTENIDO CON FORMATO |
| Nota de contenido con formato |
Capítulo I |
| Título |
Los Indios. Vida Campestre.-- |
| -- |
Un Día.-- En Todos los Campos Residía.-- Entre las Diversiones.-- La Escuela del Campo. |
| Información miscelánea |
Capítulo II. |
| Título |
La Escuela Primaria . La Ciudad.-- Algunos de los Muchachos.-- La Escuela Proseguía.-- Recuerdo una tarde Iluminosa.-- Todos Aquellos Muchachos.-- Cada uno Buscaba Orientaciones.-- No olvidemos. |
| Información miscelánea |
Capítulo III. |
| Título |
La Normal. Escuela Secundaria.-- Llegada a esa Primera Juventud.-- La Época de la Juventud para muy Alegremente.-- Se Diría que una densa y Apretada Multitud.-- El Arte.-- La Misma Normal y Llegaban las Doradas Vacaciones de la Escuela Rural.-- El Problema Forestal. |
| Información miscelánea |
Capítulo IV. |
| Título |
La Universidad.-- La Universidad.-- La Universidad.-- La Escuela Rural.-- Vienen a Mi Memoria. |
| Información miscelánea |
Capítulo V. |
| Título |
El Pueblo.-- El Pueblo.-- Religión.-- El Arte.-- La Prensa.-- Deportes. |
| Información miscelánea |
Capítulo VI. |
| Título |
Los Grandes Huertos del Gobierno.-- Los Grandes Huertos del Gobierno.-- Vamos a Intercalar una Grandiosa Anécdota Campesina.-- La Virtud Del Trabajo y del Ahorro.-- El Poeta.-- Ha sido Mi Deseo de Toda la Vida ver un Gobernante Joven.-- El Maestro.-- El Amor.-- El Arte.--Canto de Esperanza.-- Desea la Paz.-- Otra Esperanza.-- Aquel Pueblo Pequeño. |
| Información miscelánea |
Capítulo VII. |
| Título |
Capítulo Final.-- Don Emilio Patriota.-- Don Emilio Maestro.-- Primera Anécdota Final.-- Expedición a Constanza. Segunda Anécdota Final.-- Drogas.-- Epílogo.-- Post-Scriptum. |
| 590 ## - NOTA LOCAL (RLIN) |
| Nota local |
Inventariado 2023 / MF |
| 942 ## - ELEMENTOS DE PUNTO DE ACCESO ADICIONAL (KOHA) |
| Fuente del sistema de clasificación o colocación |
Dewey Decimal Classification |
| Tipo de ítem Koha |
Libro |